Big data for dummies / (Record no. 10738)

MARC details
000 -LEADER
fixed length control field 02087nam a22002417a 4500
008 - FIXED-LENGTH DATA ELEMENTS--GENERAL INFORMATION
fixed length control field 250225b ||||| |||| 00| 0 eng d
020 ## - INTERNATIONAL STANDARD BOOK NUMBER
International Standard Book Number 9781118644010
040 ## - CATALOGING SOURCE
Original cataloging agency AR-FvUNAJ
041 ## - LANGUAGE CODE
Language code of text/sound track or separate title eng
100 1# - MAIN ENTRY--PERSONAL NAME
9 (RLIN) 21230
Personal name Hurwitz, Judith
245 10 - TITLE STATEMENT
Title Big data for dummies /
Statement of responsibility, etc Judith Hurwitz, Alan Nugent, Dr. Fern Halper, and Marcia Kaufman.
260 ## - PUBLICATION, DISTRIBUTION, ETC. (IMPRINT)
Place of publication, distribution, etc Hoboken, NJ :
Name of publisher, distributor, etc John Wiley & Sons,
Date of publication, distribution, etc 2013.
300 ## - PHYSICAL DESCRIPTION
Extent xxii, 312 p.
500 ## - GENERAL NOTE
General note Descargar, imprimir, guardar y enviar por correo electrónico hasta 60 páginas permitidas.<br/>Descarga completa del libro electrónico. Debe tener instalado Adobe Digital Editions para leer el eBook.<br/>
505 0# - FORMATTED CONTENTS NOTE
Formatted contents note Grasping the fundamentals of big data -- Examining big data types -- Old meets new: distributed computing -- Digging into the big data technology components -- Virtualization and how it supports distributed computing -- Examining the cloud and big data -- Operational databases -- MapReduce fundamentals -- Exploring the world of Hadoop -- The Hadoop foundation and ecosystem -- Appliances and big data warehouses -- Defining big data analytics -- Understanding text analytics and big data -- Customized approaches for analysis of big data -- Integrating data sources -- Dealing with real-time data streams and complex event processing -- Operationalizing big data -- Applying big data within your organization -- Security and governance for big data environments -- The importance of big data to business -- Analyzing data in motion: a real-world view -- Improving business processes with big data analytics: a real-world view -- Ten big data best practices -- Ten great big data resources -- Ten big data do's and don'ts.
650 #0 - SUBJECT ADDED ENTRY--TOPICAL TERM
9 (RLIN) 17112
Topical term or geographic name as entry element CIENCIA DE DATOS
700 1# - ADDED ENTRY--PERSONAL NAME
9 (RLIN) 21231
Personal name Nugent, Alan
700 1# - ADDED ENTRY--PERSONAL NAME
9 (RLIN) 21233
Personal name Halper, Dr. Fern
700 1# - ADDED ENTRY--PERSONAL NAME
9 (RLIN) 21232
Personal name Kaufman, Marcia
856 ## - ELECTRONIC LOCATION AND ACCESS
Public note Ingresa con la contraseña de EBSCO
Uniform Resource Identifier <a href="https://research.ebsco.com/c/6n4nn2/search/details/i4gmd654nr?db=nlebk&limiters=None&q=Big%20data%20for%20dummies">https://research.ebsco.com/c/6n4nn2/search/details/i4gmd654nr?db=nlebk&limiters=None&q=Big%20data%20for%20dummies</a>
942 ## - ADDED ENTRY ELEMENTS (KOHA)
Source of classification or shelving scheme Dewey Decimal Classification
Item type Libro electrónico
980 ## - EQUIVALENCE OR CROSS-REFERENCE-SERIES STATEMENT--PERSONAL NAME/TITLE [LOCAL, CANADA]
Linkage 2
Personal name Virginia Figueroa
Field link and sequence number 2
Miscellaneous information Virginia Figueroa
Holdings
Withdrawn status Lost status Source of classification or shelving scheme Damaged status Not for loan Collection code Home library Current library Date acquired Source of acquisition Full call number Date last seen Price effective from Koha item type
    Dewey Decimal Classification     EBSCO Bibliotecas Digitales Bibliotecas Digitales 25/02/2025 Compra Pedir Usuario Ebsco 25/02/2025 25/02/2025 Libro electrónico

Lunes a Viernes 8:30 a 19:00 hs. Cerrado por mudanza
Av.Calchaqui 6200 Florencio Varela (CP188) 2°piso Edificio Mosconi Aula 209-210
Mail: bibliotecacentralunaj@gmail.com  
Whatsapp(54 9)1122668024    ❔Pregunte a la bibliotecaria
© Universidad Nacional Arturo Jauretche | Secretaría Académica | Biblioteca Central UNAJ